Nick Riley's ninth life / (Record no. 306426)
[ view plain ]
| 000 -LEADER | |
|---|---|
| fixed length control field | 00607nam a2200241Ia 4500 |
| 008 - FIXED-LENGTH DATA ELEMENTS--GENERAL INFORMATION | |
| fixed length control field | 170203s9999 xx 000 0 und d |
| 020 ## - INTERNATIONAL STANDARD BOOK NUMBER | |
| International Standard Book Number | 0-73440333x |
| 050 ## - LIBRARY OF CONGRESS CALL NUMBER | |
| Classification number | FIc |
| 050 ## - LIBRARY OF CONGRESS CALL NUMBER | |
| Item number | B636n |
| 100 ## - MAIN ENTRY--PERSONAL NAME | |
| Personal name | Blake, Bronwyn. |
| 245 ## - TITLE STATEMENT | |
| Title | Nick Riley's ninth life / |
| 245 ## - TITLE STATEMENT | |
| Statement of responsibility, etc | Bronwyn Blake. |
| 260 ## - PUBLICATION, DISTRIBUTION, ETC. (IMPRINT) | |
| Place of publication, distribution, etc | South Melbourne, Victoria : |
| 260 ## - PUBLICATION, DISTRIBUTION, ETC. (IMPRINT) | |
| Name of publisher, distributor, etc | Lothian Books, |
| 260 ## - PUBLICATION, DISTRIBUTION, ETC. (IMPRINT) | |
| Date of publication, distribution, etc | 2002 |
| 300 ## - PHYSICAL DESCRIPTION | |
| Extent | 94 pages ; |
| 300 ## - PHYSICAL DESCRIPTION | |
| Dimensions | 20 cm. |
| 440 ## - SERIES STATEMENT/ADDED ENTRY--TITLE | |
| Title | Crime waves. |
| 650 ## - SUBJECT ADDED ENTRY--TOPICAL TERM | |
| Topical term or geographic name as entry element | Animal welfare -- |
| 650 ## - SUBJECT ADDED ENTRY--TOPICAL TERM | |
| Topical term or geographic name as entry element | Drug abuse and crime -- |
| 650 ## - SUBJECT ADDED ENTRY--TOPICAL TERM | |
| General subdivision | Juvenile fiction. |
| 650 ## - SUBJECT ADDED ENTRY--TOPICAL TERM | |
| General subdivision | Juvenile fiction. |
No items available.